Регионална библиотека "Любен Каравелов" - Русе

Частна заемна библиотека и книгохранилище "Какстън" (Запис номер 205868)

MARC детайли
000 -Лидер
Контролно поле с фиксирана дължина 01615nam a2200349 c 4500
003 - Код на организацията, давaща контролен номер
Контролно поле BLK
005 - Дата и час на последна редакция
Контролно поле 20231103005159.0
008 - Елементи от данни с фиксирана дължина
fixed length control field 180411b bul|||||r ||||||| ||bul||
010 ## - Наследен системен номер
LC control number KNG00215581000
020 ## - Международен стандартен номер на книга ISBN
Международен стандартен номер на книга ISBN 978-954-655-752-0
-- издат.: Бард
040 ## - Източник на каталожния запис
Идентификатор на билиотеката - собственик на записа BLK
041 ## - Код за език
Код за езика на текст/звукозапис или на отделно заглавие Български
Код за езика КДБФ Български
072 #7 - Код за тематичната категория
Код организация bullib
Код за тематична категория Н83
Текст Чужда художествена литература Н
080 ## - УДК
Текстов определител УДК Ирландска литература (на Ейре) на английски език (вж и 821.152.1)
УДК код - определител по УДК 821.111(417)
УДК определител -322.4
УДК - код + определител 821.111(417)-322.4
100 1# - Редна дума - Автор
Автор Конъли, Джон
Авторска отговорност първи автор
R(LIN) 271656
139 ## - Редно поле
Редна дума Конъли, Джон
Авторски знак Конф - К 84
245 10 - Сведения за заглавието
Заглавие Частна заемна библиотека и книгохранилище "Какстън"
Редно поле (дума) Джон Конъли; прев. Венцислав Божидаров Божилов.
257 ## - Страна на издаване
Страна на създаване/издаване Ирландия
260 ## - Област на издателските данни
-- София
Име на издателя, разпространителя и проч. Бард
Година на издаване 2017
Печатница София : Алианс принт
300 ## - Физическа характеристика
Страници 95 с.
Размери/Мащаб 17 см
380 ## - Жанр
Жанр Худож. лит.
490 1# - СЕРИИ (Колекции)
Име на серия Кралете на трилъра)(Джобна серия - мистериозно-виртуозно
№: серия 4
500 ## - Общи забележки
Забележка Ориг. загл.: The Caxton private lending library book depository / John Connolly
659 ## - Тематичен бюлетин
Тематичен бюлетин Н
700 ## - Други автори (авторска отговорност)
Лично име Божилов, Венцислав Божидаров
Звания и думи, свързани с автора Теодосиев, Стефан, 1968- (псевдоним)
Дати, свързани с автора 1968-
9 (RLIN) 367877
852 ## - Местоположение
Форматна сигнатура Цб І 37474
856 4# - Електронен адрес и достъп
Електронен формат pdf - файл
Път до файла /url/
856 4# - Електронен адрес и достъп
Електронен формат pdf - файл
Път до файла /url/
942 ## - АРТИКУЛИ
Вид на библиотечния материал Книги
Скрит в OPAC Не
944 ## - СЪЗДАВАНЕ И РЕДАКЦИЯ на ЗАПИСА
Създаване/Редакция Създаване
Дата на регистрацията/редакция 18.01.2018
Служител, извършил регистрацията/редакцията
Статус, дата на статуса CRON CRON
944 ## - СЪЗДАВАНЕ И РЕДАКЦИЯ на ЗАПИСА
Създаване/Редакция Редакция
Дата на регистрацията/редакция 01.03.2018
Служител, извършил регистрацията/редакцията Грета_Цуфелде
999 ## - СИСТЕМНИ КОНТРОЛНИ НОМЕРА
Koha biblionumber 205868
Koha biblioitemnumber 205868
Наличности
Код за отписване Код за изгубен артикул Код за повреда Коз за рестрикции Код за отдаване Артикулен № Име на библиотеката - собственик Име на библиотеката, в която се намира в момента Статус (Текущо местоположение) Дата на вписване в системата Местоположение - отдел Цена в лева Инвентарен номер Систематично азбучна сигнатура Баркод Номер на екземпляра Цена в евро Служебна бележка Служебен тип на артикула
  Не е изгубен Не е повреден без рестрикции ползва се в читалня 354202 Регионална библиотека "Любен Каравелов" Русе Регионална библиотека "Любен Каравелов" Русе Хранилище 2018-01-16 Хранилище 4.00 120000819061 Цб І 37474 120000819061 1 2.05 Дост: Dp Вид: Д N: 50 Дата: 22.11.2017 Книги
Vip Innovations Ltd, Rousse, Bulgaria 2025